Central Library OPAC University of Rajshahi

Summer visitors / (Record no. 21304)

MARC details
000 -LEADER
fixed length control field 00632nam a22002172a 4500
001 - CONTROL NUMBER
control field 21304
003 - CONTROL NUMBER IDENTIFIER
rucl marc code BD-RjUL
005 - DATE AND TIME OF LATEST TRANSACTION
control field 20211209000654.0
008 - FIXED-LENGTH DATA ELEMENTS--GENERAL INFORMATION
fixed length control field 140304s1961 enka 000 1 eng d
035 ## - SYSTEM CONTROL NUMBER
System control number BD-RjUL)21368
040 ## - CATALOGING SOURCE
Original cataloging agency EYP
Transcribing agency EYP
Modifying agency UKM
-- EQO
-- BD-RjUL
Language of cataloging eng
041 ## - LANGUAGE CODE
Language code of text/sound track or separate title eng
082 04 - DEWEY DECIMAL CLASSIFICATION NUMBER
Classification number 823.91
Edition number 18
Author mark and year MAS 1961
100 1# - MAIN ENTRY--PERSONAL NAME
Personal name Mayne, William,
Dates associated with a name 1928-2010
9 (RLIN) 65869
245 10 - TITLE STATEMENT
Title Summer visitors /
Statement of responsibility, etc. Illustrated by William Stobbs
260 ## - PUBLICATION, DISTRIBUTION, ETC. (IMPRINT)
Place of publication, distribution, etc. Oxford University Press :
Name of publisher, distributor, etc. London,
Date of publication, distribution, etc. c1961
300 ## - PHYSICAL DESCRIPTION
Pagination 232 p. ;
Illustrations illus
650 #0 - SUBJECT ADDED ENTRY--TOPICAL TERM
Topical term or geographic name as entry element Cornwall (England : County) -- Fiction.
9 (RLIN) 65870
942 ## - ADDED ENTRY ELEMENTS (KOHA)
Source of classification or shelving scheme Dewey Decimal Classification
Koha item type Books
Holdings
Lost status Source of classification or shelving scheme Damaged status Not for loan Collection code Permanent Location Current Location Shelving location Date acquired Source of acquisition Cost, normal purchase price Total Checkouts Full call number Date last seen Copy number Koha item type
  Dewey Decimal Classification   Added to bundle Fiction Central Library, University of Rajshahi Central Library, University of Rajshahi Reading Room 27/06/1970 Zeittinger 0.00   823.91 MAS 1961 04/03/2014 C-1 Books